Statistics for Dragon Ball Z/Super/GT Ultimate Quiz

Click here to take the quiz!

General Stats

  • This quiz has been taken 175 times
  • The average score is 7 of 15

Answer Stats

Question Answer % Correct
On which planet does Goku learn instant transmission?Planet Yardrat
87%
Who is Goku's Mother?Gine
84%
Who is Vegeta facing when we first find out he is a super saiyan?Android 19
80%
Who kills all of the Ginyu force?Vegeta
69%
Who does Babadi send to kill Vegeta in the Buu Saga?Pui Pui
61%
Who is the first to transform into a great ape in Dragon Ball Z?Gohan
56%
According to the New Dragon Ball Super Movie Broly, Vegeta is which number heirloom in the family?Vegeta IV
40%
Roughly around how old is Beerus?75 million years old
40%
In Dragon Ball GT, which is the correct order of the Shadow Dragons from One star to Seven Star Shenrons?Syn, Haze, Eis, Nuova, Rage, Oceanus, Naturon Shenron
37%
Who is the first android to die on screen in Dragon Ball Z: Super Android 13?Dr. Gero
35%
How many total Dragon Ball Movies are there? (Including Super, Z, everything)20
35%
How many total eliminations? (From above question)9
25%
Who had the most eliminations in the tournament of power?Vegeta
24%
How many transformations does Frieza have? 100% Form Included (Mecha Frieza not included)6
18%
Which saiyan does Baby first absorb in Dragon Ball GT?Trunks
16%

Score Distribution

Percentile by Number Answered

Percent of People with Each Score

Your Score History

You have not taken this quiz